[Event "Africa-ch U20"]
[Site "Hammamet"]
[Date "2012.12.24"]
[Round "1"]
[White "Eltigani, Omar"]
[Black "Elnaami, Hashem Ak"]
[Result "1-0"]
[WhiteElo "2313"]
[BlackElo "1854"]
[PlyCount "79"]
[EventDate "2012.12.24"]
[EventType "swiss"]
[EventRounds "9"]
[EventCountry "TUN"]
[SourceTitle "CBM 152 Extra"]
[Source "ChessBase"]
[SourceDate "2013.02.25"]
[SourceVersion "1"]
[SourceVersionDate "2013.02.25"]
[SourceQuality "1"]

1. d4 d5 2. c4 e6 3. Nc3 Nf6 4. Nf3 Be7 5. Bf4 0-0 6. e3 a6 7. c5 b6 8. cxb6 cxb6 9. Bd3 Bb7 10. Rc1 Nbd7 11. h3 Ne4 12. 0-0 Rc8 13. Bxe4 dxe4 14. Nd2 f5 15. Qb3 Kf7 16. Nc4 b5 17. Nd6+ Bxd6 18. Bxd6 Re8 19. a4 Qb6 20. Ba3 bxa4 21. Qxa4 Bc6 22. Qd1 Nf6 23. Na4 Qa5 24. Nc5 g6 25. Rc2 Nd7 26. Qc1 Qb5 27. Nxd7 Bxd7 28. Rc5 Rxc5 29. dxc5 Bc6 30. Rd1 Bd5 31. Qc3 a5 32. b4 axb4 33. Bxb4 Rb8 34. Ba5 Rc8 35. Rc1 Qd7 36. Qe5 Qe7 37. Bc3 Rxc5 38. Qg7+ Ke8 39. Qxe7+ Kxe7 40. Bb4 1-0

[Event "HUN-chT 1213"]
[Site "Hungary"]
[Date "2012.11.04"]
[Round "3"]
[White "Eltigani, Omar"]
[Black "Csirik, Andras"]
[Result "0-1"]
[WhiteElo "2295"]
[BlackElo "2313"]
[PlyCount "84"]
[EventDate "2012.09.16"]
[EventType "team-tourn"]
[EventRounds "9"]
[EventCountry "HUN"]
[SourceTitle "EXT 2013"]
[Source "ChessBase"]
[SourceDate "2012.11.22"]
[SourceVersion "1"]
[SourceVersionDate "2012.11.22"]
[SourceQuality "1"]
[WhiteTeam "Decs"]
[BlackTeam "Mako"]
[WhiteTeamCountry "HUN"]
[BlackTeamCountry "HUN"]

1. d4 Nf6 2. c4 g6 3. Nc3 Bg7 4. e4 d6 5. Be2 0-0 6. Nf3 e5 7. Be3 c6 8. d5 Ng4 9. Bg5 f6 10. Bh4 c5 11. h3 Nh6 12. 0-0 Nf7 13. Ne1 Qd7 14. a3 f5 15. b4 f4 16. Bg4 Qe8 17. Nb5 g5 18. Be6 Bxe6 19. Nc7 Qe7 20. dxe6 Qxc7 21. exf7+ Qxf7 22. Bxg5 cxb4 23. axb4 Qxc4 24. Qxd6 Qxe4 25. b5 Qg6 26. Qd5+ Qf7 27. Qe4 Rc8 28. Nf3 Rc4 29. Qe2 Nd7 30. Nd2 Rd4 31. Rfc1 Nf8 32. f3 Ng6 33. h4 h6 34. h5 hxg5 35. hxg6 Qxg6 36. Ne4 g4 37. Nf2 g3 38. Ng4 e4 39. Ra3 e3 40. b6 Qxb6 41. Qa2+ Kh8 42. Ra5 Rd1+ 0-1

[Event "HUN-chT U18"]
[Site "Budapest"]
[Date "2012.10.28"]
[Round "2.7"]
[White "Eltigani, Omar"]
[Black "Markos, Adam"]
[Result "1-0"]
[WhiteElo "2295"]
[BlackElo "2071"]
[PlyCount "55"]
[EventDate "2012.10.28"]
[EventType "team-swiss"]
[EventRounds "8"]
[EventCountry "HUN"]
[SourceTitle "EXT 2020"]
[Source "ChessBase"]
[SourceDate "2019.10.17"]
[SourceVersion "1"]
[SourceVersionDate "2019.10.17"]
[SourceQuality "1"]

1. d4 d5 2. c4 c6 3. Nf3 Nf6 4. Nbd2 g6 5. e3 Bg7 6. Bd3 0-0 7. h3 Nbd7 8. 0-0 c5 9. b3 b6 10. Bb2 Bb7 11. Qe2 e6 12. Rac1 Ne4 13. Rfd1 f5 14. Nf1 Qe7 15. cxd5 exd5 16. Ba6 Bc6 17. Bb5 Bb7 18. dxc5 bxc5 19. b4 Ne5 20. Nxe5 Bxe5 21. Bxe5 Qxe5 22. bxc5 f4 23. f3 Nc3 24. Qb2 d4 25. Bc4+ Kh8 26. Rxd4 fxe3 27. Qxc3 e2 28. Bxe2 1-0

[Event "HUN-chT U18"]
[Site "Budapest"]
[Date "2012.10.28"]
[Round "1.3"]
[White "Ugroczky, Peter"]
[Black "Eltigani, Omar"]
[Result "0-1"]
[WhiteElo "1862"]
[BlackElo "2295"]
[PlyCount "84"]
[EventDate "2012.10.28"]
[EventType "team-swiss"]
[EventRounds "8"]
[EventCountry "HUN"]
[SourceTitle "EXT 2020"]
[Source "ChessBase"]
[SourceDate "2019.10.17"]
[SourceVersion "1"]
[SourceVersionDate "2019.10.17"]
[SourceQuality "1"]

1. e4 c5 2. Nf3 e6 3. d4 cxd4 4. Nxd4 a6 5. Nc3 Qc7 6. Be2 b5 7. 0-0 Bb7 8. Bf3 Bd6 9. h3 Nf6 10. Re1 Be5 11. Bg5 Nc6 12. Nxc6 dxc6 13. a3 h6 14. Bxf6 Bxf6 15. Qe2 Be5 16. a4 0-0 17. Nd1 Qb6 18. c4 Rad8 19. cxb5 cxb5 20. axb5 axb5 21. Nc3 b4 22. Na4 Qd6 23. Red1 Qe7 24. Qb5 Bd4 25. Qc4 e5 26. Rac1 Ra8 27. b3 Ba6 28. Qc7 Qh4 29. Qc2 Bb5 30. Rxd4 exd4 31. Nb6 Rab8 32. Nd5 Ba6 33. Rd1 d3 34. Qa2 Bb5 35. Nxb4 f5 36. Re1 Rfe8 37. Nd5 fxe4 38. g3 Qxh3 39. b4 Kh8 40. Bxe4 Qd7 41. Qd2 Rxe4 42. Rxe4 Qxd5 0-1

[Event "HUN-chT U18"]
[Site "Budapest"]
[Date "2012.10.28"]
[Round "3.3"]
[White "Zsirai, Peter"]
[Black "Eltigani, Omar"]
[Result "0-1"]
[WhiteElo "2195"]
[BlackElo "2295"]
[PlyCount "56"]
[EventDate "2012.10.28"]
[EventType "team-swiss"]
[EventRounds "8"]
[EventCountry "HUN"]
[SourceTitle "EXT 2020"]
[Source "ChessBase"]
[SourceDate "2019.10.17"]
[SourceVersion "1"]
[SourceVersionDate "2019.10.17"]
[SourceQuality "1"]

1. e4 c5 2. Nf3 e6 3. d4 cxd4 4. Nxd4 a6 5. Nc3 Qc7 6. Bd3 Nf6 7. 0-0 Be7 8. Qe2 d6 9. Kh1 Nbd7 10. f4 b6 11. Bd2 0-0 12. Rae1 Rd8 13. Nf3 Bb7 14. e5 dxe5 15. fxe5 Ng4 16. Bf4 Nc5 17. h3 Nxd3 18. cxd3 Nh6 19. Bxh6 gxh6 20. Qe3 Kh8 21. Ne4 Rg8 22. Rc1 Qd7 23. Qxb6 Rab8 24. Qc7 Qxd3 25. Rfd1 Qxe4 26. Qxe7 Qxf3 27. gxf3 Bxf3+ 28. Kh2 Rg2+ 0-1

[Event "HUN-chT 1213"]
[Site "Hungary"]
[Date "2012.09.16"]
[Round "1"]
[White "Vegh, Endre"]
[Black "Eltigani, Omar"]
[Result "1/2-1/2"]
[WhiteElo "2291"]
[BlackElo "2295"]
[PlyCount "167"]
[EventDate "2012.09.16"]
[EventType "team-tourn"]
[EventRounds "9"]
[EventCountry "HUN"]
[SourceTitle "EXT 2013"]
[Source "ChessBase"]
[SourceDate "2012.11.22"]
[SourceVersion "1"]
[SourceVersionDate "2012.11.22"]
[SourceQuality "1"]
[WhiteTeam "Dunaharaszti"]
[BlackTeam "Decs"]
[WhiteTeamCountry "HUN"]
[BlackTeamCountry "HUN"]

1. d4 d5 2. c4 c6 3. cxd5 cxd5 4. Nc3 Nf6 5. Bf4 Qb6 6. e3 Qxb2 7. Bb5+ Bd7 8. Bxd7+ Nbxd7 9. Nge2 Qa3 10. 0-0 a6 11. Rb1 b5 12. Rb3 Qa5 13. Qb1 e6 14. a4 b4 15. Na2 Ne4 16. Rd1 Bd6 17. Nxb4 Bxf4 18. exf4 Rc8 19. Qd3 Rc4 20. Rdb1 0-0 21. f3 Nd6 22. Qd1 Rfc8 23. R3b2 g6 24. Qd2 Kg7 25. Kf2 h5 26. Ra1 Nf5 27. Ra3 Rb8 28. Na2 Qxd2 29. Rxd2 Rcc8 30. a5 Nd6 31. Ra4 Nc4 32. Rc2 Rb5 33. Nb4 Ra8 34. Rca2 Nf6 35. Nd3 Ne8 36. Nc5 Ra7 37. Nc3 Rb8 38. Rc2 Ned6 39. Raa2 Nf5 40. Ne2 Rb5 41. Nc3 Rxa5 42. Rxa5 Nxa5 43. Ra2 Nc6 44. Rxa6 Rxa6 45. Nxa6 Ncxd4 46. Nc5 Kf6 47. Nd3 Nd6 48. Na4 Nb3 49. Nb6 Ke7 50. Kg3 Nc4 51. Na4 Kd6 52. Nc3 Nd4 53. Kh4 Nf5+ 54. Kg5 Ke7 55. g4 Nd4 56. gxh5 Nxf3+ 57. Kg4 Nxh2+ 58. Kg3 Nf1+ 59. Kf2 Nfe3 60. hxg6 fxg6 61. Kf3 Nc2 62. Kg4 Kf6 63. Nb5 e5 64. fxe5+ Nxe5+ 65. Nxe5 Kxe5 66. Kg5 Nd4 67. Nc3 Nf3+ 68. Kxg6 d4 69. Nb5 d3 70. Na3 Nd2 71. Kg5 Ke4 72. Kg4 Ke3 73. Kf5 Kf2 74. Kf4 Ke2 75. Kf5 Ke3 76. Kg4 Kd4 77. Kf4 Kc3 78. Ke3 Nf1+ 79. Kf2 Nh2 80. Ke1 Ng4 81. Nb5+ Kc2 82. Nd4+ Kc1 83. Nb3+ Kc2 84. Nd4+ 1/2-1/2

[Event "HUN-ch U16"]
[Site "Balatonlelle"]
[Date "2012.06.28"]
[Round "7"]
[White "Eltigani, Omar"]
[Black "Amstadt, Aron"]
[Result "0-1"]
[WhiteElo "2303"]
[BlackElo "2234"]
[PlyCount "82"]
[EventDate "2012.06.22"]
[EventType "tourn"]
[EventRounds "9"]
[EventCountry "HUN"]
[SourceTitle "EXT 2014"]
[Source "ChessBase"]
[SourceDate "2013.11.20"]
[SourceVersion "1"]
[SourceVersionDate "2013.11.20"]
[SourceQuality "1"]

1. d4 Nf6 2. c4 e6 3. Nf3 Bb4+ 4. Bd2 Qe7 5. g3 Nc6 6. Bg2 Bxd2+ 7. Nbxd2 d6 8. 0-0 a5 9. e4 e5 10. d5 Nb8 11. Ne1 0-0 12. Nd3 Bg4 13. f3 Bd7 14. b3 Na6 15. a3 c6 16. b4 cxd5 17. exd5 Rfc8 18. Qb3 a4 19. Qd1 b5 20. Rc1 bxc4 21. Nxc4 Bb5 22. Ndb2 Nxb4 23. Bh3 Rc7 24. axb4 a3 25. Ra1 Bxc4 26. Nxc4 Rxc4 27. Qb3 Qa7+ 28. Kh1 Rd4 29. Rfc1 g6 30. b5 Nxd5 31. Rcb1 a2 32. Rb2 Rb4 33. Raxa2 Rxb3 34. Rxa7 Rxb2 35. Rxa8+ Kg7 36. Bd7 Ne3 37. h4 d5 38. Ra3 d4 39. f4 e4 40. Rxe3 dxe3 41. Kg1 Rb1+ 0-1

[Event "HUN-ch U16"]
[Site "Balatonlelle"]
[Date "2012.06.26"]
[Round "5"]
[White "Eltigani, Omar"]
[Black "Genda, Karoly"]
[Result "1/2-1/2"]
[WhiteElo "2303"]
[BlackElo "2077"]
[PlyCount "139"]
[EventDate "2012.06.22"]
[EventType "tourn"]
[EventRounds "9"]
[EventCountry "HUN"]
[SourceTitle "EXT 2014"]
[Source "ChessBase"]
[SourceDate "2013.11.20"]
[SourceVersion "1"]
[SourceVersionDate "2013.11.20"]
[SourceQuality "1"]

1. d4 d5 2. c4 dxc4 3. e4 Nc6 4. Nf3 Bg4 5. d5 Ne5 6. Bf4 Ng6 7. Be3 e5 8. Bxc4 a6 9. Be2 Nf6 10. Nc3 Bd6 11. a4 0-0 12. Nd2 Bxe2 13. Qxe2 Qd7 14. h3 Rac8 15. 0-0 c6 16. Nc4 Qe7 17. Nb6 Rc7 18. Rfd1 Rd8 19. Rac1 Bc5 20. Bxc5 Qxc5 21. d6 Rxd6 22. Ncd5 cxd5 23. Rxc5 Rxc5 24. b4 Rc7 25. Nxd5 Nxd5 26. exd5 Rcd7 27. Qc4 Ne7 28. g3 f6 29. h4 Kf7 30. Qc2 h6 31. Rd3 Rxd5 32. Qc4 Ke8 33. Rc3 R5d6 34. Rb3 Rc6 35. Qg4 Nc8 36. Kg2 Nb6 37. b5 axb5 38. Rxb5 Nd5 39. Qf3 Rcd6 40. a5 Kd8 41. Qb3 Kc8 42. Rc5+ Kd8 43. Rb5 Kc8 44. a6 b6 45. a7 Kb7 46. Ra5 Ka8 47. Ra6 Ne7 48. Rxb6 Rxb6 49. Qxb6 Rb7 50. Qa5 Rd7 51. h5 Nc8 52. Qb4 Nxa7 53. Qa4 Rc7 54. Kh3 Kb7 55. Qb3+ Kc8 56. Qg8+ Kb7 57. Kg4 Nc6 58. Qb3+ Kc8 59. Qe6+ Kb7 60. Qd5 Kc8 61. f4 exf4 62. gxf4 Kb7 63. Kf5 Kb6 64. Qb3+ Kc5 65. Kg6 Kd6 66. Qd3+ Kc5 67. Qd1 Re7 68. Kh7 Ra7 69. Qg1+ Kd6 70. Qe3 1/2-1/2

[Event "HUN-ch U16"]
[Site "Balatonlelle"]
[Date "2012.06.22"]
[Round "1"]
[White "Medve, Mark"]
[Black "Eltigani, Omar"]
[Result "0-1"]
[WhiteElo "1814"]
[BlackElo "2303"]
[PlyCount "58"]
[EventDate "2012.06.22"]
[EventType "tourn"]
[EventRounds "9"]
[EventCountry "HUN"]
[SourceTitle "EXT 2014"]
[Source "ChessBase"]
[SourceDate "2013.11.20"]
[SourceVersion "1"]
[SourceVersionDate "2013.11.20"]
[SourceQuality "1"]

1. d4 d5 2. c4 c6 3. Nf3 Nf6 4. Nc3 e6 5. cxd5 exd5 6. Bg5 Be7 7. Qc2 0-0 8. e3 Re8 9. Bd3 Nbd7 10. 0-0 h6 11. Bh4 Ne4 12. Bxe7 Qxe7 13. b4 b6 14. Rab1 Bb7 15. a4 a5 16. b5 c5 17. dxc5 Ndxc5 18. Ne2 Rac8 19. Rfc1 Nxf2 20. Bf5 Qxe3 21. Bxc8 Ncd3 22. Rf1 Nh3+ 23. Kh1 Ndf2+ 24. Rxf2 Nxf2+ 25. Kg1 Ne4+ 26. Kh1 Rxc8 27. Qb2 Nf2+ 28. Kg1 Nd3+ 29. Kh1 Nxb2 0-1

[Event "HUN-chT 1112"]
[Site "Hungary"]
[Date "2012.05.20"]
[Round "11"]
[White "Eltigani, Omar"]
[Black "Szeberenyi, Adam"]
[Result "1/2-1/2"]
[WhiteElo "2310"]
[BlackElo "2309"]
[PlyCount "34"]
[EventDate "2011.09.25"]
[EventType "team-tourn"]
[EventRounds "11"]
[EventCountry "HUN"]
[SourceTitle "EXT 2013"]
[Source "ChessBase"]
[SourceDate "2012.11.22"]
[SourceVersion "1"]
[SourceVersionDate "2012.11.22"]
[SourceQuality "1"]
[WhiteTeam "Decs"]
[BlackTeam "Tatai Honved"]
[WhiteTeamCountry "HUN"]
[BlackTeamCountry "HUN"]

1. d4 Nf6 2. c4 g6 3. Nc3 d5 4. cxd5 Nxd5 5. e4 Nxc3 6. bxc3 Bg7 7. Bc4 0-0 8. Ne2 c5 9. 0-0 Nc6 10. Be3 Bg4 11. f3 Bd7 12. Rb1 a6 13. Qd2 b5 14. Bd3 cxd4 15. cxd4 Qa5 16. Qxa5 Nxa5 17. Rfc1 Rfc8 1/2-1/2

[Event "HUN-chT 1112"]
[Site "Hungary"]
[Date "2012.05.06"]
[Round "10"]
[White "Csirik, Andras"]
[Black "Eltigani, Omar"]
[Result "0-1"]
[WhiteElo "2304"]
[BlackElo "2310"]
[PlyCount "60"]
[EventDate "2011.09.25"]
[EventType "team-tourn"]
[EventRounds "11"]
[EventCountry "HUN"]
[SourceTitle "EXT 2013"]
[Source "ChessBase"]
[SourceDate "2012.11.22"]
[SourceVersion "1"]
[SourceVersionDate "2012.11.22"]
[SourceQuality "1"]
[WhiteTeam "Mako"]
[BlackTeam "Decs"]
[WhiteTeamCountry "HUN"]
[BlackTeamCountry "HUN"]

1. e4 c5 2. Nf3 e6 3. d4 cxd4 4. Nxd4 a6 5. Bd3 Nf6 6. 0-0 Qc7 7. Qe2 d6 8. c4 Nc6 9. Nxc6 bxc6 10. Nc3 Be7 11. f4 Nd7 12. Be3 e5 13. f5 Bb7 14. b4 d5 15. cxd5 Bxb4 16. Rfc1 Qa5 17. Qb2 cxd5 18. Nxd5 Bxd5 19. exd5 0-0 20. Qe2 Nf6 21. Bg5 Nxd5 22. f6 g6 23. Rc6 Nc3 24. Qg4 e4 25. Bc4 Qe5 26. Rc1 e3 27. Qh4 e2 28. Qh6 Qd4+ 29. Be3 Qd1+ 30. Rxd1 exd1Q+ 0-1